The body (Registro nro. 319642)

Detalles MARC
000 -ENCABEZADO
Número de control [NR] 00665nam a22001937a 4500
005 - FECHA Y HORA DE LA ÚLTIMA TRANSACCIÓN
control field 20210916082146.0
008 - DE LONGITUD FIJA DE DATOS DE ELEMENTOS - INFORMACIÓN GENERAL
Elementos de longitud fija [NR] 210910s1994 enka|||gr|||| 00| 0 eng d
020 ## - NUMERO INTERNACIONAL NORMALIZADO PARA LIBROS [R]
Número Internacional Normalizado del libro [NR] 9780500600276
040 ## - FUENTE DE CATALOGACION [NR]
Agencia de catalogación original [NR] CO-BoUCM
Quien Cataloga Deissy Garcia
Quien Clasifica Deissy Garcia
041 0# - CODIGO DE IDIOMA [R]
Código de idioma para texto/pista de sonido o título separado [R] Español
100 ## - ASIENTO PRINCIPAL--NOMBRE PERSONAL [NR]
Nombre personal [NR] Ewing, William A.
ID Autoridad 105788
245 ## - MENCION DE TITULO [NR]
Título [NR] The body
Parte restante del título [NR] photoworks of the human form
Mención de responsabilidad, etc. [NR] William A Ewing
260 ## - PUBLICACION, DISTRIBUCION, ETC. (PIE DE IMPRENTA) [R]
Lugar de publicación, distribución, etc. [R] London
Nombre del editor, distribuidor, etc. [R] Thames & Hudson
Fecha de publicación, distribución, etc. [R] 2009
504 ## - NOTA DE BIBLIOGRAFIA, ETC. [R]
Nota de bibliografía, etc. [NR] Incluye referencias bibliográficas
650 #7 - ASIENTO SECUNDARIO DE MATERIA - TERMINO TEMATICO [R]
9 (RLIN) 16081
Término temático o nombre geográfico como elemento de entrada [NR] Fotografía artística
650 #0 - ASIENTO SECUNDARIO DE MATERIA - TERMINO TEMATICO [R]
9 (RLIN) 105492
Término temático o nombre geográfico como elemento de entrada [NR] Fotografía artística de desnudos
942 ## - ELEMENTOS DE ENTRADA AGREGADOS (KOHA)
Sistema de clasificación DEWEY
Tema principal Arte
Tipo de ítem principal el descrito en 300a Libro
Edición 1
Clasificación 778.9424
Parte restante de la signatura top. E835
Existencias
Fecha de último préstamo Total préstamos Signatura topográfica Código de barras Última vez visto Ejemplar Costo de reposición Price effective from Tipo de ítem Nota pública (OPAC) Perdido Sistema de clasificación Dañado No prestable Tipo de ítem específico Suprimido Ubicación habitual Ubicación actual Localización Fecha de creación Forma de adquisición
13/11/2025 3 778.9424 E835 100168000 13/12/2025 Ej. 1 26000.00 10/09/2021 Libro Spot Artes Visuales   DEWEY     Libro   Claustro Claustro Mezanine 10/09/2021 Donación